Estados de los Estados Unidos - Escritura a Ciegas - Estadísticas

Estadísticas generales
  • Esta prueba ha sido intentada 187 veces
  • La puntuación promedio es 45 de 50
Estadísticas de respuestas
Estado % Correcto
CA California
97%
FL Florida
96%
NY Nueva York
95%
AK Alaska
94%
NC Carolina del Norte
94%
SC Carolina del Sur
94%
GA Georgia
94%
KS Kansas
94%
NV Nevada
94%
WA Washington
94%
AL Alabama
93%
AR Arkansas
93%
NM Nuevo México
93%
TX Texas
93%
HI Hawái
92%
IL Illinois
92%
ND Dakota del Norte
91%
SD Dakota del Sur
91%
MT Montana
91%
OH Ohio
91%
UT Utah
91%
AZ Arizona
90%
CO Colorado
90%
ME Maine
90%
VA Virginia
90%
KY Kentucky
89%
NJ Nueva Jersey
89%
ID Idaho
88%
MS Misisipi
88%
NH Nuevo Hampshire
88%
OR Oregón
88%
TN Tennessee
88%
WV Virginia Occidental
88%
MI Míchigan
86%
RI Rhode Island
86%
WY Wyoming
86%
DE Delaware
85%
IA Iowa
85%
MA Massachusetts
85%
NE Nebraska
85%
PA Pensilvania
85%
VT Vermont
85%
CT Connecticut
84%
MN Minnesota
84%
OK Oklahoma
84%
WI Wisconsin
84%
IN Indiana
83%
LA Luisiana
83%
MO Misuri
83%
MD Maryland
81%
No se encontraron pruebas coincidentes
Distribución de puntuación
Porcentaje de gente con cada puntuación
Porcentaje por número respondido
Historial de tus puntuaciones
No has intentado esta prueba.